Creía que mi padre era Dios : (Record no. 1358)
[ view plain ]
| 000 -CABECERA | |
|---|---|
| campo de control de longitud fija | 00984nam a2200241 a 4500 |
| 005 - FECHA Y HORA DE LA ÚLTIMA TRANSACCIÓN | |
| campo de control | 20250503063840.0 |
| 008 - ELEMENTOS DE LONGITUD FIJA--INFORMACIÓN GENERAL | |
| campo de control de longitud fija | 991125s2002 es 000 0 spa u |
| 020 ## - NÚMERO INTERNACIONAL NORMALIZADO PARA LIBROS | |
| Número Internacional Estándar del Libro | 8433969617 |
| 035 ## - NÚMERO DE CONTROL DEL SISTEMA | |
| Número de control de sistema | UPN01000001358 |
| 049 ## - COLECCIÓN | |
| Colección | CG |
| 050 #4 - SIGNATURA TOPOGRÁFICA DE LA BIBLIOTECA DEL CONGRESO | |
| Número de clasificación | E169 |
| Número de documento/Ítem | C7.3 |
| 245 00 - MENCIÓN DE TÍTULO | |
| Título | Creía que mi padre era Dios : |
| Resto del título | relatos verídicos de la vida americana / |
| Mención de responsabilidad, etc. | ed. Paul Auster ; tr. Cecilia Ceriani. |
| 260 ## - PUBLICACIÓN, DISTRIBUCIÓN, ETC. | |
| Lugar de publicación, distribución, etc. | Barcelona, Esp. : |
| Nombre del editor, distribuidor, etc. | Anagrama, |
| Fecha de publicación, distribución, etc. | c2002. |
| 300 ## - DESCRIPCIÓN FÍSICA | |
| Extensión | 521 p. |
| 440 #0 - MENCIÓN DE SERIE/ASIENTO SECUNDARIO--TÍTULO | |
| Título | Panorama de narrativas ; |
| Designación de volumen o secuencia | 501 |
| 500 ## - NOTA GENERAL | |
| Nota general | "Los relatos de este volumen proceden del Proyecto Nacional de Relatos convocado por la NPR (Radio Pública Nacional) de Estados Unidos" |
| 534 ## - NOTA SOBRE LA VERSIÓN ORIGINAL | |
| Frase introductoria | Traducción de: |
| Mención de título del original | I thought my father was god |
| 651 #4 - ASIENTO SECUNDARIO DE MATERIA - NOMBRE GEOGRAFICO | |
| Nombre geográfico | ESTADOS UNIDOS - |
| Subdivisión general | VIDA SOCIAL Y COSTUMBRES - |
| Subdivisión cronológica | SIGLO XX - |
| Subdivisión de forma | ANECDOTAS |
| 9 (RLIN) | 3041 |
| 651 #4 - ASIENTO SECUNDARIO DE MATERIA - NOMBRE GEOGRAFICO | |
| Nombre geográfico | ESTADOS UNIDOS - |
| Subdivisión general | CONDICIONES SOCIALES - |
| Subdivisión cronológica | 1945 - |
| Subdivisión de forma | ANECDOTAS |
| 9 (RLIN) | 3040 |
| 650 #4 - ASIENTO SECUNDARIO DE MATERIA - TERMINO TEMATICO | |
| Término de materia o nombre geográfico como elemento de entrada | Historia oral |
| 9 (RLIN) | 4290 |
| 700 1# - ASIENTO SECUNDARIO--NOMBRE DE PERSONAL | |
| Nombre de persona | Auster, Paul, |
| Fechas asociadas al nombre | 1947- |
| Término indicativo de función/relación | ed. |
| 9 (RLIN) | 28861 |
| 905 ## - TIPO DE MATERIAL | |
| Tipo de material | Libro |
| Estado de retiro | Estado de pérdida | Fuente del sistema de clasificación o colocación | Estado dañado | No para préstamo | Código de colección | Localización permanente | Ubicación/localización actual | Ubicación en estantería | Fecha de adquisición | Total de préstamos | Clasificación | Código de barras | Fecha visto por última vez | Fecha del último préstamo | Número de copia | Tipo de ítem Koha |
|---|---|---|---|---|---|---|---|---|---|---|---|---|---|---|---|---|
| Library of Congress Classification | Colección General | Bib. Gregorio Torres Quintero | Bib. Gregorio Torres Quintero | Planta baja | 24/09/2024 | 10 | E169 C7.3 | 205725 | 15/10/2024 | 24/09/2024 | 1 | Libro |
